000 01561nam a22003857a 4500
003 CHAP
005 20220329143749.0
008 110725s2011 mx r 00010 spa d
010 _a101598
011 _a102570
035 _a113259
040 _cCHAP
090 _aTesis
100 1 _aReyes Carmona, Jaime
_996765
245 1 0 _aCaracterización de la cadena logística de transporte aéreo de carga perecedera
_h[En línea]
_c/por Jaime Reyes Carmona y Beatriz Robles López
260 _aChapingo, Méx. :
_bEl autor,
_c2011
500 _aPara ver el contenido del material haga clic en la liga
502 _aTesis (Lic. en Comercio Internacional de Productos Agropecuarios) -- UACH. División de Ciencias Económico - Administrativas
590 _aALEPH
_b10
_c20130110
_lUCH01
_h1541
590 _aBATCH-UPD
_b10
_c20130110
_lUCH01
_h1209
590 _aBATCH-UPD
_b10
_c20130410
_lUCH01
_h0749
590 _aBATCH-UPD
_b10
_c20130913
_lUCH01
_h1958
590 _aBATCH-UPD
_b10
_c20140324
_lUCH01
_h1526
590 _aBATCH-UPD
_b10
_c20141002
_lUCH01
_h0849
590 _aCONVERSION
_b10
_c20130109
_lUCH01
_h1356
650 1 4 _aAeronaves.
_91014
650 1 4 _aProductos agrícolas
_xTransporte.
_992035
650 1 4 _aTransportes.
_9114645
700 1 _aRobles Lopez, Beatriz
_998094
856 _3Finding aid
_uhttp://10.13.5.2/tesis/113259.pdf
_zTeclea aqui
901 _aBK
942 _cFOLL
949 _aTesis
_bBC
_cTES
_d33724002246538
_eTS2
_fc.2
_gDonaciØn
_h52456
_i113259
_st
949 _aTesis
_bBC
_cTES
_d33724002249413
_eTS1
_gDonaciØn
_h52455
_i113259
_st
999 _c101598
_d101598